00351nam a2200097 a 4500008004100000050001900041100002800060245006400088260009200152350000900244080515s2001 ||||||||||||||||| || u aTHESIS/STUDENT aMutumba, Jacquline K. A10aBenhmarking: a survival strategy for the Zambian Contractor aKitwebCopperbelt University, School of Built Environment, Department of Buildingc2001 a0.00